| 000 | 00991nam0a2200289 4500 | ||
|---|---|---|---|
| 001 | RU\NLR\BIBL_A\012734252 | ||
| 005 | 20250624134459.0 | ||
| 010 | _97000 | ||
| 035 | _a(NLR Aleph) 012734252 | ||
| 090 |
_a13307859 _c13307859 |
||
| 100 | _a20220318d1950 |||y0rusy50 ca | ||
| 101 | 0 | _aaze | |
| 102 | _aAZ | ||
| 105 | _ay z 000 y | ||
| 181 | 0 |
_ai _baxxe |
|
| 182 | 0 | _an | |
| 200 | 1 |
_aСүдәмәр ушаға гуллуг етмәк вә ону jедиртмәк _fдосент Э. С. Мошкевич |
|
| 203 |
_aТекст _bвизуальный _cнепосредственный |
||
| 210 |
_aБакы _cБирләшмиш нәшри _d1950 |
||
| 215 |
_a29, [1] с. _d20 |
||
| 225 | 1 | _aАналар үчүн гиjаби курслар | |
| 541 | 1 |
_aУход за грудным ребенком и его вскармливание _zrus |
|
| 700 | 1 |
_aМошкевич _bЭ. С. _4070 |
|
| 852 |
_aNLR _bОНЛ _jАзерб./2-5820 |
||
| 942 | _cBOOK | ||
| 980 | _aNB | ||